Państwa które graniczą z..... #4 - Statystyki

Ogólne statystyki
  • Ten quiz został rozwiązany 43 razy
  • Średni wynik to 5 z 6
Statystyki odpowiedzi
Państwa graniczące odpowiedź % Poprawnych
Peru,Kolumbia Ekwador
92%
Dania,Stany Zjednoczone Kanada
92%
Indie,Chiny,Afganistan,Iran Pakistan
89%
Bośnia i Hercegowina,Czarnogóra,Serbia,Słowenia,Węgry Chorwacja
87%
Syria,Izrael Liban
79%
Kongo,Gwinea Równikowa,Kamerun Gabon
58%
Nie znaleziono quizów pasujących do podanych kryteriów
Rozkład punktacji
Procent ludzi z każdym wynikiem
Percentyl według liczby udzielonych odpowiedzi
Twoja historia wyników
Nie rozwiązałeś tego quizu